Office moves: how to pick the right property (Record no. 73338)

MARC details
000 -LEADER
fixed length control field 01268cam a2200241 4500
001 - CONTROL NUMBER
control field X123479
008 - FIXED-LENGTH DATA ELEMENTS--GENERAL INFORMATION
fixed length control field 030903n2003 000 0 eng u
035 ## - SYSTEM CONTROL NUMBER
System control number (Sirsi) u123479
100 ## - MAIN ENTRY--PERSONAL NAME
Personal name Morgan, A.
245 ## - TITLE STATEMENT
Title Office moves: how to pick the right property
260 ## - PUBLICATION, DISTRIBUTION, ETC.
Date of publication, distribution, etc. 2003
490 ## - SERIES STATEMENT
Series statement Facilities Management
Volume/sequential designation (10) July 2003, 12-13(2)
520 ## - SUMMARY, ETC.
Summary, etc. Discusses the options an organisation has when it is thinking of changing premises. Notes that the property market offers a considerable choice at the moment but explains it is easy for the facilities manager to make the wrong decision and it is perhaps a mistake to be seen to be looking around. Recommends that managers exercise their strategic options including the key property attributes of the potential new site which are location, layout and leasing. Also advises that any organisation seeking relocation should issue a formal Request for Proposal which would include the tenant details, specification and rent and incentive package.
590 ## - LOCAL NOTE (RLIN)
Local note ABS
650 ## - SUBJECT ADDED ENTRY--TOPICAL TERM
Topical term or geographic name entry element RELOCATION
650 ## - SUBJECT ADDED ENTRY--TOPICAL TERM
Topical term or geographic name entry element PROPERTY MARKET
650 ## - SUBJECT ADDED ENTRY--TOPICAL TERM
Topical term or geographic name entry element LEASING ARRANGEMENTS
650 ## - SUBJECT ADDED ENTRY--TOPICAL TERM
Topical term or geographic name entry element BUSINESS LOCATIONS
650 ## - SUBJECT ADDED ENTRY--TOPICAL TERM
Topical term or geographic name entry element DESIGN CRITERIA
650 ## - SUBJECT ADDED ENTRY--TOPICAL TERM
Topical term or geographic name entry element COMMERICAL LEASES
650 ## - SUBJECT ADDED ENTRY--TOPICAL TERM
Topical term or geographic name entry element Property management
9 (RLIN) 6262
942 ## - ADDED ENTRY ELEMENTS (KOHA)
Suppress in OPAC 0
Holdings
Withdrawn status Lost status Source of classification or shelving scheme Damaged status Not for loan Home library Current library Shelving location Date acquired Total Checkouts Full call number Barcode Date last seen Copy number Price effective from Koha item type
    Dewey Decimal Classification     London London Journal article 16/09/2003   X123479 123479-1001 06/08/2019 1 06/08/2019 Journal article